Southville International School and Colleges
Your cart is empty.
  • Cart
  • Lists
    Public lists Eva Luna New books Lux_list list_1
    Your lists Log in to create your own lists
  • Log in to your account
  • Your cookies
  • Search history
Southville International School and Colleges
  • Advanced search
  • Recent comments
  • Most popular
  • Libraries

Log in to your account

Log in with GOOGLE


If you do not have an external account, but do have a local account, you can still log in:

  1. Home
  2. MARC view: The trusted advisor /
Normal view MARC view ISBD view

The trusted advisor / (Record no. 283791)

[ view plain ]
MARC details
000 -LEADER
fixed length control field 01437cam a22003494a 4500
001 - CONTROL NUMBER
control field 12030739
003 - CONTROL NUMBER IDENTIFIER
control field PILC
005 - DATE AND TIME OF LATEST TRANSACTION
control field 20150319103739.0
008 - FIXED-LENGTH DATA ELEMENTS--GENERAL INFORMATION
fixed length control field 000605s2000 nyu b 001 0 eng
010 ## - LIBRARY OF CONGRESS CONTROL NUMBER
LC control number 00044250
020 ## - INTERNATIONAL STANDARD BOOK NUMBER
International Standard Book Number 074320414X
020 ## - INTERNATIONAL STANDARD BOOK NUMBER
International Standard Book Number 9780743212342
040 ## - CATALOGING SOURCE
Original cataloging agency DLC
Transcribing agency DLC
Modifying agency DLC
042 ## - AUTHENTICATION CODE
Authentication code pcc
050 00 - LIBRARY OF CONGRESS CALL NUMBER
Classification number HD 69.C6
Item number .M38 2000
082 00 - DEWEY DECIMAL CLASSIFICATION NUMBER
Classification number 001/.068
100 1# - MAIN ENTRY--PERSONAL NAME
Personal name Maister, David H.
245 14 - TITLE STATEMENT
Title The trusted advisor /
Statement of responsibility, etc David H. Maister, Charles H. Green, Robert M. Galford.
260 ## - PUBLICATION, DISTRIBUTION, ETC. (IMPRINT)
Place of publication, distribution, etc New York :
Name of publisher, distributor, etc Free Press,
Date of publication, distribution, etc c2000.
300 ## - PHYSICAL DESCRIPTION
Extent xiii, 240 pages :
Dimensions 24 cm.
504 ## - BIBLIOGRAPHY, ETC. NOTE
Bibliography, etc Includes bibliographical references (p. 225-227) and index.
650 #0 - SUBJECT ADDED ENTRY--TOPICAL TERM
Topical term or geographic name as entry element Business consultants.
700 1# - ADDED ENTRY--PERSONAL NAME
Personal name Green, Charles H.,
Dates associated with a name 1950-
700 1# - ADDED ENTRY--PERSONAL NAME
Personal name Galford, Robert M,
Dates associated with a name 1952-
856 42 - ELECTRONIC LOCATION AND ACCESS
Materials specified Contributor biographical information
Uniform Resource Identifier <a href="http://www.loc.gov/catdir/bios/simon052/00044250.html">http://www.loc.gov/catdir/bios/simon052/00044250.html</a>
856 42 - ELECTRONIC LOCATION AND ACCESS
Materials specified Publisher description
Uniform Resource Identifier <a href="http://www.loc.gov/catdir/description/simon032/00044250.html">http://www.loc.gov/catdir/description/simon032/00044250.html</a>
856 41 - ELECTRONIC LOCATION AND ACCESS
Materials specified Table of contents only
Uniform Resource Identifier <a href="http://www.loc.gov/catdir/enhancements/fy0631/00044250-t.html">http://www.loc.gov/catdir/enhancements/fy0631/00044250-t.html</a>
856 41 - ELECTRONIC LOCATION AND ACCESS
Materials specified Sample text
Uniform Resource Identifier <a href="http://www.loc.gov/catdir/enhancements/fy0641/00044250-s.html">http://www.loc.gov/catdir/enhancements/fy0641/00044250-s.html</a>
906 ## - LOCAL DATA ELEMENT F, LDF (RLIN)
a 7
b cbc
c orignew
d 1
e ocip
f 20
g y-gencatlg
942 ## - ADDED ENTRY ELEMENTS (KOHA)
Source of classification or shelving scheme Library of Congress Classification
Koha item type Books
Holdings
Withdrawn status Lost status Source of classification or shelving scheme Damaged status Home library Current library Shelving location Date acquired Source of acquisition Total Checkouts Full call number Barcode Date last seen Price effective from Koha item type
    Library of Congress Classification   College Library College Library General Circulation Section 03/19/2015 Library Fund   HD 69.C6 .M38 2000 C19221 05/15/2018 03/19/2015 Books

The trusted advisor /

APA

Maister D. H., Green C. H. & Galford R. M. (2000). The trusted advisor. New York: Free Press.

Chicago

Maister David H, Green Charles H and Galford Robert M. 2000. The trusted advisor. New York: Free Press.

Harvard

Maister D. H., Green C. H. and Galford R. M. (2000). The trusted advisor. New York: Free Press.

MLA

Maister David H, Green Charles H and Galford Robert M. The trusted advisor. New York: Free Press. 2000.

  • Place hold
  • Print
  • Cite
  • Add to your cart (remove)
  • Save record
    BIBTEX Dublin Core MARCXML MARC (non-Unicode/MARC-8) MARC (Unicode/UTF-8) MARC (Unicode/UTF-8, Standard) MODS (XML) RIS
  • More searches
    Search for this title in:
    Other Libraries (WorldCat) Other Databases (Google Scholar) Online Stores (Bookfinder.com) Open Library (openlibrary.org)

Exporting to Dublin Core...

SOUTHVILLE LIBRARY

Southville International School and Colleges Library

1281 Tropical Ave. Cor. Luxembourg St., BF Homes International, Las Pinas City

Tel. No. 8256374 / 252358 Loc. 117/146

Powered by Koha